Logo CIB grande

CATHODIC PROTECTION (THEORY AND PRACTICE) (Registro nro. 197930)

Detalles MARC
000 -LEADER
campo de control de longitud fija 00565nam a2200229Ia 4500
005 - FECHA Y HORA DE LA ÚLTIMA TRANSACCIÓN
campo de control 20250425160855.0
008 - DATOS DE LONGITUD FIJA--INFORMACIÓN GENERAL
campo de control de longitud fija 250425s9999 xx 000 0 und d
020 ## - NÚMERO INTERNACIONAL ESTÁNDAR DEL LIBRO
Número Internacional Estándar del Libro 0853125100
041 ## - CÓDIGO DE IDIOMA
Código de lengua del texto/banda sonora o título independiente eng
082 ## - NÚMERO DE LA CLASIFICACIÓN DECIMAL DEWEY
Número de clasificación 620.1623
010 ## - NÚMERO DE CONTROL DE LA BIBLIOTECA DEL CONGRESO
Número de control de LC 7336
100 ## - ENTRADA PRINCIPAL--NOMBRE DE PERSONA
Nombre de persona ASHWORTH, V, BOOKER, C.J.L.
245 #0 - MENCIÓN DEL TÍTULO
Título CATHODIC PROTECTION (THEORY AND PRACTICE)
250 ## - MENCION DE EDICION
Mención de edición S.E.
260 ## - PUBLICACIÓN, DISTRIBUCIÓN, ETC.
Lugar de publicación, distribución, etc. CHICHESTER
260 ## - PUBLICACIÓN, DISTRIBUCIÓN, ETC.
Lugar de publicación, distribución, etc. Reino Unido
Nombre del editor, distribuidor, etc. ELLIS HORWOOD LIMITED
Fecha de publicación, distribución, etc. 1986
300 ## - DESCRIPCIÓN FÍSICA
Extensión 357
650 ## - PUNTO DE ACCESO ADICIONAL DE MATERIA--TÉRMINO DE MATERIA
Término de materia o nombre geográfico como elemento de entrada CORROSION
650 ## - PUNTO DE ACCESO ADICIONAL DE MATERIA--TÉRMINO DE MATERIA
Término de materia o nombre geográfico como elemento de entrada DESGASTE
650 ## - PUNTO DE ACCESO ADICIONAL DE MATERIA--TÉRMINO DE MATERIA
Término de materia o nombre geográfico como elemento de entrada PROTECCION CATODICA
942 ## - ELEMENTOS DE ENTRADA SECUNDARIOS (KOHA)
Tipo de ítem Koha Libros
Existencias
Estatus retirado Estado de pérdida Estado de daño No para préstamo Biblioteca de origen Biblioteca actual Ubicación en estantería Fecha de adquisición Coste, precio normal de compra Etiqueta RFID Total de préstamos Código de barras Copia número Tipo de ítem Koha
        CENTRO DE INFORMACIÓN BIBLIOTECARIA CENTRO DE INFORMACIÓN BIBLIOTECARIA   15/12/2003 28.00 0000000000000000015539   D-8944 1 Libros

Copyright 2025 ESPOL. Todos los derechos reservados.